| 000 | 00685nam a22002057a 4500 | ||
|---|---|---|---|
| 999 |
_c61698 _d61698 |
||
| 005 | 20240418112457.0 | ||
| 008 | 240418s2000 enk||||| |||| 00| 0 eng d | ||
| 020 | _a9780702020421x | ||
| 041 | _aeng | ||
| 080 | _a611.2(075.8) D-29 | ||
| 100 |
_aDean Ch. _921854 |
||
| 245 |
_aCore Anatomy for students : _bVolume 3. The Head and Neck / _cCh. Dean, J. Pegington. |
||
| 264 |
_aLondon : _bWB Saunders Co. _c2000. |
||
| 300 |
_a136 p.: _bill.; _c26 cm. |
||
| 653 | _aკისრის ანატომია | ||
| 653 | _aთავის ანატომია | ||
| 653 | _aმედიცინა | ||
| 700 |
_aPegington, J. _eავტორი _921855 |
||
| 942 |
_2udc _cBK |
||